Practical navigation Almanac / (Record no. 3067)

000 -LEADER
fixed length control field 00399nam a22001457a 4500
008 - FIXED-LENGTH DATA ELEMENTS--GENERAL INFORMATION
fixed length control field 200319b ||||| |||| 00| 0 eng d
100 ## - MAIN ENTRY--PERSONAL NAME
9 (RLIN) 2542
Personal name Subramaniam, H.
245 10 - TITLE STATEMENT
Title Practical navigation Almanac /
250 ## - EDITION STATEMENT
Edition statement 4th ed.
260 ## - PUBLICATION, DISTRIBUTION, ETC. (IMPRINT)
Place of publication, distribution, etc Mumbai:
Name of publisher, distributor, etc Vijaya Publications,
Date of publication, distribution, etc 2009.
300 ## - PHYSICAL DESCRIPTION
Extent xii,242p.
440 ## - SERIES STATEMENT/ADDED ENTRY--TITLE
Title Nutshell Series book 1
650 #0 - SUBJECT ADDED ENTRY--TOPICAL TERM
Topical term or geographic name as entry element Navigation
942 ## - ADDED ENTRY ELEMENTS (KOHA)
Item type Books
Holdings
Withdrawn status Lost status Source of classification or shelving scheme Damaged status Not for loan Permanent location Current location Date acquired Source of acquisition Full call number Barcode Date last seen Koha item type Cost, normal purchase price Cost, replacement price
          IMU Kolkata IMU Kolkata 2011-01-18 DNS Coordinator 623.89 S9417 11159 2020-03-19 Books    
          IMU Kolkata IMU Kolkata 2020-07-30 19     2020-07-30 Books 0.00 0.00
Designed and Maintained by IMU-KC Library, Kolkata Campus © Copyright All Rights Reserved

webs counters

Powered by Koha